| 000 | 01333nam a22003617a 4500 | ||
|---|---|---|---|
| 003 | CHAP | ||
| 005 | 20220329143626.0 | ||
| 008 | 101022s2007 mx a r 00010 eng d | ||
| 010 | _a99514 | ||
| 011 | _a100486 | ||
| 020 | _a9789688178638 | ||
| 035 | _a111172 | ||
| 040 | _cCHAP | ||
| 082 | 1 | 4 |
_a574.5222 _bM98 |
| 110 | 1 |
_aMéxico. Secretaría de Medio Ambiente y Recursos Naturales _977199 |
|
| 245 | 1 | 0 |
_aMexico's third national communication to the united nations framework convention on climate change _c/por Secretaría de Medio Ambiente y Recursos Naturales |
| 260 |
_aMéxico, D. F. : _bMinistry of Environment and Natural Resources , _c2007 |
||
| 300 |
_a2v.204 p. : _bilus., cuadros, gráfs. |
||
| 590 |
_aBATCH-UPD _b10 _c20130110 _lUCH01 _h1554 |
||
| 590 |
_aBATCH-UPD _b10 _c20130410 _lUCH01 _h0952 |
||
| 590 |
_aBATCH-UPD _b10 _c20130914 _lUCH01 _h0821 |
||
| 590 |
_aCONVERSION _b10 _c20130109 _lUCH01 _h1355 |
||
| 650 | 1 | 4 |
_aCambio climático. _917781 |
| 650 | 1 | 4 |
_aEcosistema. _935290 |
| 650 | 1 | 4 |
_aEfecto invernadero. _935743 |
| 650 | 1 | 4 |
_aFenómenos atmosféricos. _940046 |
| 650 | 1 | 4 |
_aImpacto ambiental. _957465 |
| 650 | 1 | 4 |
_aMéxico _xGeografía. _976748 |
| 650 | 1 | 4 |
_aRecursos naturales. _995172 |
| 901 | _aBK | ||
| 942 | _cLIBRO | ||
| 949 |
_a574.5222 M98 _bBC _cLIBRO _d33724002213371 _eLIBRO _h113672 _i111172 _sb |
||
| 999 |
_c99514 _d99514 |
||